000 01505nam0a22003131 4500
001 v19\rc\1964088
005 20251118181026.5
035 _a(NLR Aleph) 005047497
090 _a6859055
_c6859055
100 _a20080428d1913 u y0rusy50 ca
101 1 _arus
_cger
102 _aRU
105 _aa z |||||
200 1 _aФранцузская цветная гравюра XVIII столетия
_eС 50 грав. на меди, воспроизвед. в красках
_fТекст проф. Я. Шпрингера
210 _aСанкт-Петербург
_aМосква
_cТ-во М.О. Вольф
_d[1913?]
_eСанкт-Петербург
215 _a[6], 66 с., 50 л. цв. ил.
_d34
300 _aИзд. является пер. кн.: Der französische Farbenstich des XVIII jahr hunderts Hrsg, von Julius Model und Jaro Springer. Stuttgart, 1912
320 _aБиблиогр. в примеч.
454 0 _12001#$aDer französische Farbenstich des XVIII jahr hunderts$fHrsg. von Julius Model und Jaro Springer
_1210##$aStuttgart$d1912
_tDer französische Farbenstich des XVIII jahr hunderts
532 1 1 _aФранцузская цветная гравюра восемнадцатого столетия
700 1 _aШпрингер
_bЯ.
_f1856-1915
_gЯро
801 0 _aRU
_bNLR
_gpsbo
801 0 _aRU
_bRuMoRGB
_2psbo
801 1 _aRU
_bProSoft-M
_2rusmarc
852 _aNLR
_jИс30/Б-9/6
899 _aRuMoRGB
_jМК
899 _aRuMoRGB
_jR 456/304
942 _cBOOK
980 _aNB